000 00289nam a22001337a 4500
008 170629b xxu||||| |||| 00| 0 eng d
020 _a9781593083045
041 _aeng
080 _a82
100 _a22
101 _aGJL
245 _aTHE WAY WE LIVE NOW
_cTROLLOPE, A
942 _2udc
_cBK
999 _c19444
_d19444